000 01245cam a2200325 i 4500
001 15762424
003 EG-ScBUE
005 20260331131916.0
008 090604s2009 enkab f b 001 0 eng d
020 _a0521865557 (hbk.)
020 _a9780521865555 (hbk.)
035 _a(OCoLC)ocn233543956
040 _aUKM
_beng
_erda
_cUKM
_dBTCTA
_dBAKER
_dYDXCP
_dBWKUK
_dBWK
_dSUC
_dAGL
_dIQU
_dDLC
_dEG-ScBUE
082 0 4 _a551.49
_222
_bPHI
100 1 _aPhillips, O. M.
_q(Owen M.),
_d1930-
_eauthor.
_923432
245 1 0 _aGeological fluid dynamics :
_bsub-surface flow and reactions /
_cO. M. Phillips, FRS, decker professor emeritus at the Johns Hopkins University.
264 1 _aCambridge, UK ;
_aNew York :
_bCambridge University Press,
_c2009.
300 _axi, 285 pages :
_billustrations , maps ;
_c26 cm
336 _2rdacontent
_atext
_btxt
337 _aunmediated
_2rdamedia
_bn
338 _avolume
_bnc
_2rdacarrier
504 _aIncludes bibliographical references and index.
650 7 _aGroundwater flow.
_2BUEsh
_923433
650 7 _aWater-rock interaction.
_2BUEsh
_923434
650 7 _aRocks
_xPermeability.
_2BUEsh
_923435
650 7 _aFluid dynamics.
_2BUEsh
_923436
653 _cApril2011
655 _vReading book
942 _2ddc
_cBB
999 _c15205
_d15205